000 00334nam a22001457a 4500
008 210311b ||||| |||| 00| 0 eng d
020 _a9780766816640
041 _aeng
080 _23rd
_a574
082 _a574
100 _a9
101 _aMJE
245 _aAgriscience Fundamentals & Applications
_cCooper,E.L
942 _2udc
_cBK
999 _c56282
_d56282